| 000 | 00579nam a22002177a 4500 | ||
|---|---|---|---|
| 001 | 13519 | ||
| 003 | BD-JhCC | ||
| 005 | 20240113133341.0 | ||
| 008 | 240113b2022 cc a|||| ||a| 001 0 eng d | ||
| 020 | _a1609915049 | ||
| 035 | _a(BD-JhCC)13519 | ||
| 040 |
_aBD-JhCC _dBD-JhCC |
||
| 041 | _aeng | ||
| 082 |
_a031.02 _bRIP 2022 |
||
| 245 |
_aRipley's Believe It or Not! / _cRipley's Believe It or Not! . |
||
| 260 |
_aChina: _bRipley; _c2022 |
||
| 300 |
_a253 p. : _bill; _c30cm |
||
| 651 | _aCuriosities and wonders | ||
| 700 | _aBelieve It Or Not!, Ripleys | ||
| 942 |
_2ddc _cBK |
||
| 999 |
_c13519 _d13519 |
||